| 000 | 00389nam a2200133Ia 4500 | ||
|---|---|---|---|
| 008 | 210430s9999 xx 000 0 und d | ||
| 020 | _a978-0-07-160043-9 | ||
| 082 | _a662.88 S7751 R | ||
| 100 |
_aJon Starbuck, Gavin D.J. Harper _9127016 |
||
| 245 |
_aRun your Diesel Vehicle on Biofuels / _cJon Starbuck |
||
| 260 |
_aNew York _bMcGraw Hill _c2009 |
||
| 300 | _a226p. | ||
| 942 |
_cBK _2ddc |
||
| 999 |
_c564705 _d564705 |
||